| 000 -CABECERA |
| Longitud fija campo de control |
00685cam a2200229 i 4500 |
| 003 - IDENTIFICADOR DEL NÚMERO DE CONTROL |
| Identificador del número de control |
OSt |
| 005 - FECHA Y HORA DE LA ÚLTIMA TRANSACCIÓN |
| Fecha y hora de la última transacción |
20260112130229.0 |
| 008 - CÓDIGOS DE INFORMACIÓN DE LONGITUD FIJA |
| Códigos de información de longitud fija |
250522e202503 spc ||| |||| 000 0bcat|c |
| 020 ## - NÚMERO INTERNACIONAL NORMALIZADO PARA LIBROS |
| Número Internacional Normalizado para Libros (ISBN) |
9788410161511 |
| 040 ## - FUENTE DE LA CATALOGACIÓN |
| Centro transcriptor |
CDMR |
| 100 1# - PUNTO DE ACCESO PRINCIPAL-NOMBRE DE PERSONA |
| Nombre de persona |
Sinca, Genís, |
| Fechas asociadas al nombre |
1970- |
| Término indicativo de función |
autor |
| 240 10 - TÍTULO UNIFORME |
| Título uniforme |
<a href="Providència es diu Paco">Providència es diu Paco</a> |
| 245 10 - MENCIÓN DE TÍTULO |
| Título |
Candel : |
| Resto del título |
vida de Paco Candel, la màquina d'escriure / |
| Mención de responsabilidad, etc. |
Genís Sinca |
| 264 #1 - PRODUCCIÓN, PUBLICACIÓN , DISTRIBUCIÓN, FABRICACIÓN Y COPYRIGHT |
| Lugar de producción, publicación, distribución, fabricación |
[Barcelona] : |
| Nombre del productor, editor, distribuidor, fabricante |
Comanegra, |
| Fecha de de producción, publicación, distribución, fabricación o copyright |
2025 |
| 300 ## - DESCRIPCIÓN FÍSICA |
| Extensión |
356 pàgines ; |
| Dimensiones |
21 cm |
| 490 1# - MENCIÓN DE SERIE |
| Mención de serie |
Espores ; |
| Designación de volumen o secuencia |
15 |
| 500 ## - NOTA GENERAL |
| Nota general |
Reedició amb un nou títol |
| 600 17 - PUNTO DE ACCESO ADICIONAL DE MATERIA - NOMBRE DE PERSONA |
| Nombre de persona |
Candel, Francisco, |
| Fechas asociadas al nombre |
1925-2007. |
| 650 #0 - PUNTO DE ACCESO ADICIONAL DE MATERIA - TÉRMINO DE MATERIA |
| Término de materia o nombre geográfico como elemento inicial |
Periodistes catalans |
| 9 (RLIN) |
3139 |
| Subdivisión de forma |
Biografia |
| 830 #0 - PUNTO DE ACCESO ADICIONAL DE SERIE - TÍTULO UNIFORME |
| Título uniforme |
Espores ; |
| Designación de volumen o secuencia |
15 |
| 942 ## - ENTRADA DE ELEMENTOS AGREGADOS (KOHA) |
| Koha [por defecto] tipo de item |
Monografies |